| 000 | 00508nam a2200181Ia 4500 | ||
|---|---|---|---|
| 003 | GCL | ||
| 008 | 140319s9999 xx 000 0 ara d | ||
| 040 |
_aGCL / _cGCL |
||
| 082 | 0 | 4 |
_a817.008 _bف ق |
| 100 | 1 | _aفاروق سعد | |
| 245 | 1 | 0 |
_aقراقوش ونوادره / _cفاروق سعد |
| 260 |
_a[S.N] : _bدار الافاق الجديدة ، _c1990 |
||
| 300 | _a168 ص | ||
| 490 | _a | ||
| 650 | 0 | 4 | _aالادب العربى |
| 650 | 0 | 4 | _aالاهاجى والفكاهات |
| 942 |
_2ddc _cBK |
||
| 999 |
_c55859 _d55859 |
||